[Event "Wch Rapid (Women)"]
[Site "Almaty"]
[Date "2022.12.26"]
[Round "3"]
[White "Lagno, Kateryna"]
[Black "Gvetadze, Sofio"]
[Result "1-0"]
[WhiteElo "2531"]
[BlackElo "2198"]
[PlyCount "111"]
[EventDate "2022.12.26"]
[EventType "swiss (rapid)"]
[EventRounds "11"]
[EventCountry "KAZ"]
[SourceTitle "CBM 211 Extra"]
[Source "ChessBase"]
[SourceDate "2023.01.31"]
[SourceVersion "1"]
[SourceVersionDate "2023.01.31"]
[SourceQuality "1"]

1. e4 c5 2. Nf3 g6 3. d4 cxd4 4. Qxd4 Nf6 5. Nc3 Nc6 6. Qa4 d6 7. e5 dxe5 8. Nxe5 Bd7 9. Nxd7 Qxd7 10. Be3 Bg7 11. Be2 0-0 12. 0-0 Rfc8 13. Rad1 Qe8 14. Qh4 Rd8 15. a3 Rxd1 16. Rxd1 Rd8 17. h3 Rxd1+ 18. Bxd1 Qd7 19. Be2 Nd5 20. Nxd5 Qxd5 21. Bf3 Qd7 22. c3 Ne5 23. Be2 Bf6 24. Qe4 Nc6 25. Bf3 a6 26. Kf1 Kg7 27. Qd5 Qc7 28. g3 Qc8 29. Kg2 Qc7 30. a4 Be5 31. Qc5 Bd6 32. Qb6 Qd7 33. b4 Be5 34. b5 axb5 35. axb5 Nd8 36. c4 h5 37. h4 Bc7 38. Qa7 Be5 39. Bb6 Bc7 40. Bd4+ e5 41. Be3 Qc8 42. c5 Bb8 43. Qa8 Qc7 44. Bd2 Ne6 45. Ba5 Qc8 46. Bxb7 Nf4+ 47. gxf4 Qg4+ 48. Kf1 exf4 49. Bc3+ f6 50. Bf3 Qh3+ 51. Ke2 Qe6+ 52. Qe4 Qa2+ 53. Kf1 Qa7 54. Kg2 Qxc5 55. Qb7+ Bc7 56. Ba5 1-0

[Event "EU-ch Rapid"]
[Site "Katowice"]
[Date "2022.12.18"]
[Round "7"]
[White "Gvetadze, Sofio"]
[Black "Haug, Havard"]
[Result "1/2-1/2"]
[WhiteElo "2298"]
[BlackElo "2044"]
[PlyCount "244"]
[EventDate "2022.12.17"]
[EventType "swiss (rapid)"]
[EventRounds "11"]
[EventCountry "POL"]
[SourceTitle "CBM 211 Extra"]
[Source "ChessBase"]
[SourceDate "2023.01.31"]
[SourceVersion "1"]
[SourceVersionDate "2023.01.31"]
[SourceQuality "1"]

1. Nf3 Nf6 2. g3 g6 3. Bg2 Bg7 4. 0-0 0-0 5. d3 d6 6. c4 e5 7. Nc3 c6 8. h3 Re8 9. e4 d5 10. Qe2 d4 11. Nb1 c5 12. Nbd2 Nc6 13. a3 a5 14. Ne1 Nd7 15. Ndf3 f6 16. Nc2 a4 17. Bd2 Nf8 18. Rab1 Na5 19. Bxa5 Rxa5 20. b4 axb3 21. Rxb3 Re6 22. Rfb1 Rea6 23. Qe1 b6 24. Kh2 Bd7 25. Rxb6 Ra8 26. Qc1 Ba4 27. Nfe1 Nd7 28. R6b2 Bf8 29. h4 Bd6 30. Bh3 Bc6 31. Be6+ Kg7 32. Nf3 R8a7 33. Bd5 Qc7 34. Nd2 R5a6 35. Bxc6 Qxc6 36. Rb5 Nb6 37. Qb2 Na4 38. Rb7+ Kh6 39. Qb5 Qxb5 40. R1xb5 Nc3 41. Rxa7 Rxa7 42. Rb6 Bc7 43. Rxf6 Rb7 44. Ne1 Ba5 45. Nef3 Nd1 46. Nf1 Nxf2 47. Nxe5 Rb2 48. Rxf2 Rxf2+ 49. Kg1 Ra2 50. Nd7 Rxa3 51. Nxc5 Bb4 52. Ne6 Rxd3 53. Kf2 Rc3 54. e5 d3 55. Ke3 Rc1 56. Nh2 Rxc4 57. Kxd3 Rc3+ 58. Ke4 Rxg3 59. Kf4 Rg1 60. Nf3 Rg2 61. Neg5 Be7 62. Ne4 Kg7 63. e6 Ra2 64. Ke5 Ra5+ 65. Kf4 h6 66. Ne5 Ra6 67. h5 Rxe6 68. Nxg6 Bd8 69. Kf5 Ra6 70. Nf4 Ra5+ 71. Kg4 Re5 72. Ng3 Rg5+ 73. Kf3 Kh7 74. Ne6 Rg8 75. Ne4 Re8 76. Nf4 Rf8 77. Kg4 Re8 78. Kf5 Rf8+ 79. Kg4 Rg8+ 80. Kf5 Bg5 81. Ng6 Ra8 82. Ne5 Rf8+ 83. Ke6 Rf4 84. Nd6 Rf6+ 85. Kd7 Bf4 86. Ne8 Rf5 87. Ng6 Bc1 88. Ke6 Rxh5 89. Nf6+ Kg7 90. Nxh5+ Kxg6 91. Ng3 Bf4 92. Kd5 Kg5 93. Ke4 Kg4 94. Ne2 Bd2 95. Kd3 Bg5 96. Ng1 Kg3 97. Ke2 Kg2 98. Nf3 Bf6 99. Ne1+ Kg3 100. Nc2 Bd8 101. Ne3 h5 102. Kf1 Kh2 103. Nf5 Bb6 104. Nh4 Kh3 105. Nf5 Kh2 106. Nh4 Ba7 107. Nf5 Bb8 108. Nh4 Bg3 109. Nf5 Bf4 110. Nh4 Be3 111. Nf5 Bc1 112. Nh4 Ba3 113. Nf3+ Kh1 114. Nh4 Bc1 115. Nf5 Kh2 116. Nh4 Be3 117. Nf5 Ba7 118. Nh4 Kg3 119. Nf5+ Kf3 120. Nh4+ Kg4 121. Kg2 Kxh4 122. Kh1 Kg3 1/2-1/2